Petit livre des balivernes et des doigts sur le papier

में बचाया:
ग्रंथसूची विवरण
मुख्य लेखक: Patar, Benoit
स्वरूप: पुस्तक
भाषा:Undetermined
प्रकाशित: Quebec, Canadá Le Préambule 1989
विषय:
टैग: टैग जोड़ें
कोई टैग नहीं, इस रिकॉर्ड को टैग करने वाले पहले व्यक्ति बनें!

MARC

LEADER 00000nam a2200000Ia 4500
008 170316s9999 xx 000 0 und d
040 |a cru BVZT 
090 |a 840 P-5.1p 
100 |a Patar, Benoit 
245 |a Petit livre des balivernes et des doigts sur le papier 
260 |a Quebec, Canadá 
260 |b Le Préambule 
260 |c 1989 
300 |a 98 páginas 
650 |a LITERATURA FRANCESA 
650 |a POESÍA FRANCESA 
999 |c 7903  |d 7903 
942 |c 15 D  |h 840 P-5.1p  |2 z